000 00468nam a2200169Ia 4500
008 110201s9999 xx 000 0 und d
082 _bB2014
_aKS 234
100 _aभावे पु.भा.
245 _aगुढकथा
260 _bसंजय प्रकाशन
365 _b18
600 _aभावे पु.भा.
630 _aगुढकथा
700 _aभावे पु.भा.
730 _aगुढकथा
942 _cBOOK
999 _c829121
_d829118